000
00310nam a2200133Ia 4500
008
191201s2005 xx 000 0 und d
100
_a
BALI, S P
245
0
_a
Consumer Electronics
250
_a
1st
260
_a
N.Delhi
_b
Pearson Education
_c
2005
300
_a
725
650
_a
B.Tech(ECE)
942
_2
ddc
_c
BK
999
_c
1748
_d
1748